000 01320nam a2200349 a 4500
001 000110516
003 CHAP
005 20220329144137.0
008 140905s2010 mx |r| ||||||spa d
010 _a106978
011 _a107950
020 _a9786074012644
040 _cCHAP
082 0 4 _a330.0972
_bF59
245 1 3 _aLa flecha al aire :
_bhomenaje a Javier Beristain ; ensayos sobre economía, desarrollo e innovación educativa /
_ccoordinado por Carlos Heredia Zubieta, Eduardo Pérez Mota, Carlos L. Sales Sarrapy.
260 _aMéxico, D.F. :
_bITAM. Centro de Investigación y Docencia Económicas
_bMiguel Ángel Porrúa,
_c2010.
300 _a368 p. :
_bgráfs.
490 1 _aPolíticas Públicas
590 _aE11695DGD
_b10
_c20140908
_lUCH01
_h0757
590 _aE5995AHE
_b05
_c20140905
_lUCH01
_h1413
590 _aE5995AHE
_b05
_c20140905
_lUCH01
_h1417
650 1 4 _aDesarrollo económico
_zMéxico.
_9126104
650 1 4 _aPolítica económica
_zMéxico.
_990535
700 1 _aHeredia Zubieta, carlos
_e, coord.
_9127564
700 1 _aPérez Motta, Eduardo
_e, coord.
_9127565
700 1 _aSales Sarrapy, Carlos L.
_e, coord.
_9127567
710 0 _aInstituto Tecnológico Autónomo de México.
_959456
830 0 _aPolíticas Públicas
_990720
901 _aBK
942 _cLIBRO
942 _n0
999 _c106978
_d106978